02017nam a22002417a 4500003000500000005001700005008004100022020001800063020001800081020001800099041001200117082002100129100002200150245008500172250001200257300003900269500011700308504005100425505062700476520050701103650001301610776015201623CUTN20230714171702.0230714b |||||||| |||| 00| 0 eng d a9781032192147 a9781032192192 z9781003258186 aEnglish00a338.479223bVAN1 aVanhove, Norbert.14aThe economics of tourism destinations :btheory and practice /cNorbert Vanhove. a4th ed. axxiv, 476 p. :bill. pbk. ;c25 cm a"First edition published by Butterworth-Heinemann, 2004. Third edition published by Routledge 2017"--T.p. verso. aIncludes bibliographical references and index.0 aThe Economic Characteristics of the Tourism Sector -- Measuring Tourism -- Tourism Demand -- Overtourism -- Tourism's Vulnerability: Terrorism and Pandemics -- Overtourism -- Tourism's Vulnerability: Terrorism and Pandemics -- Tourism Supply -- Pricing and Taxation -- Competition and the Tourism Destination -- Forecasting Tourism Demand -- Tourism as a Development Strategy -- Tourism Export-led Growth -- The Economic Impact of Tourism -- Micro-Evaluation of Projects in the Tourism and Hospitality Industry -- Macro-Evaluation of Projects in the Tourism and Hospitality Industry -- Tourism and Sustainable Development. a"Revised and updated, the fourth edition of The Economics of Tourism Destinations provides a succinct guide to the economic aspects of tourism for students and practitioners alike to decipher the methods of measurement of supply, demand, trends and impacts as well as the role of tourism in a development strategy for destinations and regional development. Combining macro and micro aspects of economic to the tourism destination, this book is an invaluable resource for students studying this topic"-- 0aTourism.08iOnline version:aVanhove, Norbert.tEconomics of tourism destinationsbFourth Edition.dNew York : Routledge, 2022z9781003258186w(DLC) 2021058198